画数の多いJR駅 - Statistics

General Stats
  • This quiz has been taken 240 times
  • The average score is 4 of 38
Answer Stats
画数 駅名 % Correct
34 驫木
43%
37 鶴橋
32%
32 籠原
24%
36 鶴舞
20%
31 真鶴
20%
30 尾鷲
19%
32 鷲津
18%
31 蘭越
16%
33 綾瀬
13%
32 鶯巣
13%
32 鶴崎
13%
30 鷲別
12%
30 巌根
11%
38 鯖瀬
8%
34 新鶴
8%
32 鶯野
8%
32 醍醐
8%
31 朝霧
8%
34 繁藤
7%
33 鱒浦
7%
32 綾織
7%
32 鷹取
7%
37 鎌瀬
6%
31 藻琴
6%
30 幌糠
6%
33 鷹狩
5%
31 鵜殿
5%
31 穂積
5%
30 瀬野
5%
31 鵜飼
4%
30 鹿瀬
4%
30 篠路
4%
31 渡瀬
3%
30 撫養
3%
30 梁瀬
3%
32 横磯
2%
30 箸蔵
2%
30 鱒沢
2%
No matching quizzes found
Score Distribution
Percent of People with Each Score
Percentile by Number Answered
Your Score History
You have not taken this quiz